000 00497 a2200145 4500
001 ART_44996
005 20260410162039.0
008 260409a
245 1 0 _aLa estabilidad y la inestabilidad en los procesos de inserción laboral de jóvenes en Argentina y en Francia
100 1 _aLongo, María Eugenia
700 1 _aPérez, Pablo Ernesto
700 1 _aBusso, Mariana
700 1 _aBidart, Claire
773 0 _tEstudios del trabajo
_g- Nº 47 (ene./jul. 2014)
_wREV44896
999 _c34737
_d34737